000 01312cab a2200229 4500
001 ABS68697
008 050221n2005 000 0 eng u
035 _a(Sirsi) u128853
100 _aBingham, T.
245 _aPlugging away
260 _c2005
490 _aBuilding
_v270(8368) 11 February 2005, 64-65(2)
520 _aReports on the effects of changes to the Building Regulations 2000 Approved Document P which now covers electrical work done in the home. The local authority building control officer has to be informed when certain activities such as putting in extra power points into a kitchen, are carried out. Notes that there are two types of people who are able to carry out such work: one is limited to doing electrical work only if it is necessary when carrying out other work and the other is certified to do all work. Both should be registered with a competent person scheme.Warns that selling a property may be difficult if the correct safety certificates cannot be produced.
590 _aABS
650 _aBUILDING CONTROL
_96222
650 _aBUILDING REGULATIONS 2000 APPROVED DOCUMENT P (2005 EDITION)
650 _aELECTRICAL INSTALLATIONS
650 _aELECTRICAL SAFETY
650 _aCOMPETENT PERSONS SCHEME
690 _aBUILT ENVIRONMENT-BUILDING STANDARDS
942 _n0
999 _c74821
_d74821